| 000 | 00671nam a22002057a 4500 | ||
|---|---|---|---|
| 003 | OSt | ||
| 005 | 20260421145720.0 | ||
| 008 | 260420b |||||||| |||| 00| 0 eng d | ||
| 020 | _a9788121927819 | ||
| 040 |
_aMMARA-U _beng _cMMARA-U _dMMARA-U |
||
| 050 | _aTP492 .K48 2018 | ||
| 100 |
_aKhurmi, R.S _983 |
||
| 245 |
_aAtextbook of refrigeration and air conditioning/ _cR.s Khurmi, J.K. Gupta |
||
| 260 |
_aRam Nagar New Delhi ; _bEurasia publishing house LTD. , _c2018 . |
||
| 300 |
_axiv ,754 pages : _bIncludes illustration ; |
||
| 500 | _aIncludes index | ||
| 650 |
_aRefrigeration and air conditioning _92971 |
||
| 700 |
_aJ.K Gupta _92972 |
||
| 942 |
_2lcc _cLOAN LOAN |
||
| 999 |
_c33476 _d33473 |
||